header

Space weapons (Record no. 113765)

MARC details
000 -LEADER
fixed length control field 01505nam a2200409Ia 4500
082 04 - DEWEY DECIMAL CLASSIFICATION NUMBER
Classification number 358/.8/0973
245 00 - TITLE STATEMENT
Title Space weapons
260 ## - PUBLICATION, DISTRIBUTION, ETC. (IMPRINT)
Place of publication Santa Monica, CA :
Name of publisher Rand,
Year of publication 2002.
300 ## - PHYSICAL DESCRIPTION
Number of Pages xxvii, 201 p. :
Other physical details ill.
500 ## - GENERAL NOTE
General note "Project Air Force."
General note "Prepared for the United States Air Force."
General note "MR-1209-AF."
650 #0 - SUBJECT ADDED ENTRY--TOPICAL TERM
Topical Term Space weapons.
Topical Term Space warfare.
Topical Term Astronautics, Military
700 1# - ADDED ENTRY--PERSONAL NAME
Personal name Preston, Bob,
856 40 - ELECTRONIC LOCATION AND ACCESS
Uniform Resource Identifier http://site.ebrary.com/lib/rucke/Doc?id=10505559

No items available.

© 2026 Rongo University
Contact us: librarian | system librarian | Rongo university